• 首页
  • 本馆介绍
  • 公告通知
  • 最新文献
  • 馆藏检索
  • 电子资源
  • 读者导购
  • 参考咨询
  • 我的图书馆
  • 登录
  • 详细信息显示
  • 放入我的书架
  • 预约/预借图书
  • 作者相关作品
  • 分类相关作品
  • 丛书相关作品
  • 出版社相关作品

书目信息

  • 表格格式
  • 工作单格式
  • 卡片格式
题名:
保险从业人员的职业伦理
    
 
作者: ;王珺 译 ;迪尔伯恩金融服务公司 主编
分册:  
出版信息: 北京   中国人民大学出版社  2005
页数: 146页
开本: 23cm
丛书名: 金融学译丛
单 册:
中图分类: F840.3
科图分类:
主题词: 保险业 , 保险业--工作人员--职业道德
电子资源:
ISBN: 7-300-06879-0
000 01293nam0 2200325 450
000 01308nam0 2200325 450
000 01239nam0 2200301 450
000 01203oam2 2200289 45
005 20070725163430.01
010    @a7-300-06879-0@dCNY20.00
100    @a20070714d2005 em y0chiy0120 ea
101 0  @achi
102    @aCN@b110000
105    @ay z 000yy
200 1  @a保险从业人员的职业伦理@ABao Xian Cong Ye Ren Yuan De Zhi Ye Lun Li@dEthics for the insurance professional@f迪尔伯恩金融服务公司(Dearborn Financial Services)主编@FDi Er Bo En Jin Rong Fu Wu Gong Si (Dearborn Financial Services) Zhu Bian@g王珺译@zeng
205    @a第三版
210    @a北京@c中国人民大学出版社@d2005
215    @a146页@d23cm
225 2  @a金融学译丛
305    @a据原书第3版译出
330    @a本书论述了人寿保险代理人伦理责任的各个方面,分析了代理人对保险人、保单持有人和社会公众的责任,描述每一位保险从业人员必须遵守的道德规范。
410  0 @12001 @a金融学译丛
510 1  @aEthics for the insurance professional@zeng
606 0  @a保险业
606 0  @a保险业@x工作人员@x职业道德
690    @aF840.3@v4
702  0 @a王珺@AWang珺@c(风险管理)@4译
711 01 @a迪尔伯恩金融服务公司@ADi Er Bo En Jin Rong Fu Wu Gong Si@4主编
801  0 @aCN@bTAOJIN@c20070725
905    @a10447@dF840.3@e33=3
    
    保险从业人员的职业伦理=Ethics for the insurance professional/迪尔伯恩金融服务公司(Dearborn Financial Services)主编/王珺译.-第三版.-北京:中国人民大学出版社,2005
    146页;23cm.-(金融学译丛)
    
    
    ISBN 7-300-06879-0:CNY20.00
    本书论述了人寿保险代理人伦理责任的各个方面,分析了代理人对保险人、保单持有人和社会公众的责任,描述每一位保险从业人员必须遵守的道德规范。
●
相关链接 在E读中查询图书 在五车中查询图书 在当当中查询图书 在豆瓣中查询图书


正题名:保险从业人员的职业伦理     索取号:F840.3/33=3         预约/预借

序号 登录号 条形码 馆藏地/架位号 状态 备注
1 0826227   208262271   第一样本阅览室/ [索取号:F840.3/33=3] 在馆    
2 0826228   208262280   密集书库/ [索取号:F840.3/33=3] 在馆    
3 0826229   208262299   第一借阅区/ [索取号:F840.3/33=3] 在馆    
4 0826230   208262306   第一借阅区/ [索取号:F840.3/33=3] 在馆    
5 0826231   208262315   密集书库/ [索取号:F840.3/33=3] 在馆    
6 0826232   208262324   第一借阅区/ [索取号:F840.3/33=3] 在馆    
7 0826233   208262333   第一借阅区/ [索取号:F840.3/33=3] 在馆    
8 0826234   208262342   第一借阅区/ [索取号:F840.3/33=3] 在馆    
唐山师范学院图书馆 欢迎您!
大连网信软件有限公司© 版权所有